Way of the sign III (Record no. 9545)

000 -LEADER
fixed length control field 00338nam a2200145 4500
003 - CONTROL NUMBER IDENTIFIER
control field OSt
005 - DATE AND TIME OF LATEST TRANSACTION
control field 20210702125701.0
008 - FIXED-LENGTH DATA ELEMENTS--GENERAL INFORMATION
fixed length control field 210702b ||||| |||| 00| 0 eng d
020 ## - INTERNATIONAL STANDARD BOOK NUMBER
International Standard Book Number 9789881668851
082 ## - DEWEY DECIMAL CLASSIFICATION NUMBER
Classification number 741.6
100 ## - MAIN ENTRY--PERSONAL NAME
Personal name Mo Tingli and Li Jiong
245 ## - TITLE STATEMENT
Title Way of the sign III
260 ## - PUBLICATION, DISTRIBUTION, ETC. (IMPRINT)
Name of publisher, distributor, etc Artpower
Date of publication, distribution, etc Nov 16, 2013
942 ## - ADDED ENTRY ELEMENTS (KOHA)
Source of classification or shelving scheme
Holdings
Withdrawn status Lost status Source of classification or shelving scheme Damaged status Koha normalized classification for sorting Not for loan Permanent location Current location Date acquired Full call number Barcode Date last seen Price effective from Koha item type
        741_600000000000000   BMS College of Architecture, Design and Planning BMS College of Architecture, Design and Planning 2021-07-02 741.6 AR-PG450 2021-07-02 2021-07-02 PG Books
Copyright © 2025, The Librarian, Library and Information Centre, BMSCA D&P, Bengaluru. All Rights Reserved
web counter

Powered by Koha